| 000 | 01467nad a2200409 cc4500 | ||
|---|---|---|---|
| 001 | DHIM2023011220410003 | ||
| 003 | DE-604 | ||
| 005 | 20230201124700.0 | ||
| 007 | tu | ||
| 008 | 190121m2017uuuu |||| 00||| rus d | ||
| 020 | _a9785001802631 | ||
| 035 | _a(DE-599)BVBBV045416337 | ||
| 040 |
_aDE-604 _bger _cRU-10907106 |
||
| 041 | 0 | _arus | |
| 245 | 1 | 0 |
_aTajnaja straža Rossii _bočerki istorii otečestvennych organov gosbezopasnosti _cPopov A. Ju. avtor-sostavitelʹ _nKniga 5 |
| 264 | 1 |
_aMoskva _bAlgoritm _c2022 |
|
| 300 | _a646 Seiten | ||
| 336 |
_aText _btxt _2rdacontent |
||
| 337 |
_aohne Hilfsmittel zu benutzen _bn _2rdamedia |
||
| 338 |
_aBand _bnc _2rdacarrier |
||
| 500 | _aBandzählung erst bei Band 2 | ||
| 610 | 2 | 7 |
_aSowjetunion _bKomitet Gosudarstvennoj Bezopasnosti _0(DE-588)2101272-6 _2gnd _9rswk-swf |
| 648 | 7 |
_aGeschichte 1890-1956 _2gnd _9rswk-swf |
|
| 650 | 0 | 7 |
_aSpionage _0(DE-588)4056287-6 _2gnd _9rswk-swf |
| 650 | 0 | 7 |
_aGeheimdienst _0(DE-588)4019737-2 _2gnd _9rswk-swf |
| 650 | 0 | 7 |
_aInnere Sicherheit _0(DE-588)4127888-4 _2gnd _9rswk-swf |
| 651 | 7 |
_aSowjetunion _0(DE-588)4077548-3 _2gnd _9rswk-swf |
|
| 651 | 7 |
_aRussland _0(DE-588)4076899-5 _2gnd _9rswk-swf |
|
| 700 | 1 |
_aPopov, Aleksej Jurʹevič _eHerausgeber _0(DE-588)1012954803 _4edt _919252 |
|
| 773 | 0 | 8 |
_qKniga5 _wBV045416337 |
| 942 | 1 | 1 |
_cMG _e22/bsb _2z |
| 942 | 1 | 1 |
_e22/bsb _2z |
| 942 | 1 | 1 |
_e22/bsb _2z |
| 942 | 1 | 1 |
_e22/bsb _2z |
| 942 | 1 | 1 |
_e22/bsb _2z |
| 942 | 1 | 1 |
_e22/bsb _2z |
| 999 |
_c61457 _d61457 |
||